00622nam a22002057a 450000500170000001000130001702000270003003500130005703700160007004000120008608200130009824501320011125000130024326000320025627000220028830000300031065000350034065000190037570000220039420170124110233.0 aB-045801 c£16.99a9780140297492 aB-045801 bCen Lib/Ret aDPLbEN a030bPEA aPears cyclopaedia, 2001-2002 :cedited by Christopher Cookba book of reference and background information for all the family / a110th ed aLondonbPenguin Booksc2001 bLondona80 Strand avarious pagings.c20m(Hb) aEncyclopedias and dictionaries aEncyclopedias  aCook, Christopher